The nuts and bolts of proofs (Record no. 716)

MARC details
000 -LEADER
fixed length control field 00440 a2200181 4500
001 - CONTROL NUMBER
control field 066701
003 - CONTROL NUMBER IDENTIFIER
control field OSt
005 - DATE AND TIME OF LATEST TRANSACTION
control field 20211006112203.0
008 - FIXED-LENGTH DATA ELEMENTS--GENERAL INFORMATION
fixed length control field
082 ## - DEWEY DECIMAL CLASSIFICATION NUMBER
Classification number 511.3
Item number C92N
100 1# - MAIN ENTRY--PERSONAL NAME
Personal name Cupillari, Antonella
245 1# - TITLE STATEMENT
Title The nuts and bolts of proofs
Statement of responsibility, etc by Antonella Cupillari
250 ## - EDITION STATEMENT
Edition statement 3rd ed.
260 ## - PUBLICATION, DISTRIBUTION, ETC. (IMPRINT)
Place of publication, distribution, etc London
Name of publisher, distributor, etc Elsevier
Date of publication, distribution, etc 2005
300 ## - PHYSICAL DESCRIPTION
Extent 179p.
690 ## - LOCAL SUBJECT ADDED ENTRY--TOPICAL TERM (OCLC, RLIN)
Topical term or geographic name as entry element Proof theory
942 ## - ADDED ENTRY ELEMENTS (KOHA)
Source of classification or shelving scheme Dewey Decimal Classification
Koha item type Books
Holdings
Withdrawn status Lost status Source of classification or shelving scheme Damaged status Not for loan Collection code Home library Current library Date acquired Source of acquisition Cost, normal purchase price Full call number Barcode Date last seen Price effective from Koha item type
    Dewey Decimal Classification     General Text Book Central University Of Rajasthan Central University Of Rajasthan 07/03/2012 MTH 2245.00 511.3 C92N 987 21/11/2024 02/09/2020 Books